| 000 | 00646cas a22002055a 4500 | ||
|---|---|---|---|
| 008 | 070608d20012003xxkbr p 0 a0eng | ||
| 035 | _a(Sirsi) u98883 | ||
| 041 | _aeng | ||
| 110 | 2 |
_aRoyal Institution of Chartered Surveyors _bRural Faculty _94160 |
|
| 245 | 0 | 0 | _aRural Professional |
| 260 |
_aLondon _bRICS _c2001-2003 |
||
| 362 | 0 | _aLondon: February/March 2001-October/November 2003 | |
| 362 | 0 | _aEdinburgh: February/March 2001-October/November 2003 | |
| 554 | _aSix per year | ||
| 651 | 4 |
_aUnited Kingdom _y |
|
| 690 | _aPROPERTY-RURAL AND NATURAL ASSETS | ||
| 780 | 0 | 0 | _tRural Property Bulletin |
| 942 | _n0 | ||
| 948 | _c16/08/1994 | ||
| 999 |
_c118557 _d118557 |
||